00936nam a2200265 i 4500001000300000100002200003245014600025246003700171260003900208300003100247500004100278650003000319655001800349700002000367020001500387040000800402041001100410080001900421920001800440942000700458008004100465999001700506856009800523952004900621bg1 aDEITEL, Harvey M.10aArkana C++ :bprogramowanie /cHarvey M. Deitel, Paul J. Deitel ; [oprac. wersji pol. Piotr Czarnocki, Bogdan Kamiński, Sebastian Szafran]. iTyt. oryg.:aC++: how to program aWarszawa :b"READ ME",ccop. 1998. aXXXVIII, 1082 s. ;c24 cm. aOryg.: "C++: how to program" 2nd ed. 9aC (język programowania) aPodręczniki1 aDEITEL, Paul J. a8387216569 cBPK1 aplhen a004.438(07)C++ a83-87216-56-9 cKS s pl f |000 0 pol  c34547d34547 uhttp://koha.tu.koszalin.pl/cgi-bin/koha/opac-detail.pl?biblionumber=34547yKatalog online BPK 00104070aBPKbBPKcwo47879p01404135yKS